[Event "DVM U20w 2022"]
[Site "Münster GER"]
[Date "2022.12.28"]
[Round "3"]
[White "Dietz, Kristin"]
[Black "Klahold, Rona"]
[Result "1/2-1/2"]
[Termination "normal"]
[Board "2.1"]
[WhiteElo "1762"]
[BlackElo "1553"]
[WhiteClock "01:01:07"]
[BlackClock "00:10:35"]
[WhiteTeam "USV Halle"]
[BlackTeam "Schachclub Porta Westfalica 1950"]
[PlyCount "127"]
[WhiteFideId "12993743"]
[BlackFideId "16222970"]
[EventCountry "GER"]
[EventRounds "7"]
[EventType "team-swiss"]
[EventDate "2022.12.26"]

1. e4 {[%clk 01:30:57]} {[%emt 00:00:02]} e5 {[%clk 01:30:53]} {[%emt
00:00:07]} 2. Nf3 {[%clk 01:31:24]} {[%emt 00:00:04]} Nc6 {[%clk 01:31:14]}
{[%emt 00:00:09]} 3. Bb5 {[%clk 01:31:50]} {[%emt 00:00:05]} Bc5 {[%clk
01:31:36]} {[%emt 00:00:08]} 4. O-O {[%clk 01:31:54]} {[%emt 00:00:25]} Nd4
{[%clk 01:31:58]} {[%emt 00:00:09]} 5. Nxd4 {[%clk 01:27:34]} {[%emt 00:04:50]}
Bxd4 {[%clk 01:32:16]} {[%emt 00:00:12]} 6. c3 {[%clk 01:27:42]} {[%emt
00:00:22]} Bb6 {[%clk 01:32:36]} {[%emt 00:00:09]} 7. d4 {[%clk 01:27:03]}
{[%emt 00:01:09]} c6 {[%clk 01:32:17]} {[%emt 00:00:50]} 8. Ba4 {[%clk
01:26:45]} {[%emt 00:00:47]} d6 {[%clk 01:30:54]} {[%emt 00:01:53]} 9. Na3
{[%clk 01:24:55]} {[%emt 00:02:20]} Nf6 {[%clk 01:26:09]} {[%emt 00:05:16]} 10.
Bc2 {[%clk 01:22:47]} {[%emt 00:02:38]} Be6 {[%clk 01:22:24]} {[%emt 00:04:14]}
11. Bg5 {[%clk 01:16:49]} {[%emt 00:06:28]} h6 {[%clk 01:15:53]} {[%emt
00:07:02]} 12. Bh4 {[%clk 01:16:06]} {[%emt 00:01:13]} g5 {[%clk 01:11:45]}
{[%emt 00:04:38]} 13. Bg3 {[%clk 01:16:29]} {[%emt 00:00:07]} Bc7 {[%clk
01:12:00]} {[%emt 00:00:15]} 14. c4 {[%clk 01:11:30]} {[%emt 00:05:28]} Bg4
{[%clk 00:58:47]} {[%emt 00:13:43]} 15. f3 {[%clk 01:11:01]} {[%emt 00:00:59]}
Bh5 {[%clk 00:58:12]} {[%emt 00:01:05]} 16. dxe5 {[%clk 01:10:35]} {[%emt
00:00:56]} dxe5 {[%clk 00:53:37]} {[%emt 00:05:05]} 17. Qxd8 {[%clk 01:09:58]}
{[%emt 00:01:07]} Rxd8 {[%clk 00:53:54]} {[%emt 00:00:13]} 18. Rad1 {[%clk
01:10:21]} {[%emt 00:00:07]} Ke7 {[%clk 00:53:10]} {[%emt 00:01:14]} 19. Be1
{[%clk 01:07:44]} {[%emt 00:03:05]} Bb6 {[%clk 00:52:08]} {[%emt 00:01:35]} 20.
Bf2 {[%clk 01:06:24]} {[%emt 00:01:50]} Bxf2 {[%clk 00:48:40]} {[%emt
00:03:58]} 21. Kxf2 {[%clk 01:06:45]} {[%emt 00:00:08]} Rd7 {[%clk 00:46:27]}
{[%emt 00:02:43]} 22. c5 {[%clk 01:05:09]} {[%emt 00:02:06]} Rhd8 {[%clk
00:42:06]} {[%emt 00:04:51]} 23. g4 {[%clk 01:01:55]} {[%emt 00:03:45]} Rxd1
{[%clk 00:38:24]} {[%emt 00:04:12]} 24. Bxd1 {[%clk 00:59:35]} {[%emt
00:02:50]} Rd2 {[%clk 00:27:15]} {[%emt 00:11:39]} 25. Ke3 {[%clk 00:53:57]}
{[%emt 00:06:05]} Rxb2 {[%clk 00:27:08]} {[%emt 00:00:39]} 26. gxh5 {[%clk
00:53:20]} {[%emt 00:01:08]} Rxa2 {[%clk 00:26:55]} {[%emt 00:00:43]} 27. Nc4
{[%clk 00:53:09]} {[%emt 00:00:41]} Nd7 {[%clk 00:25:44]} {[%emt 00:01:41]} 28.
Rf2 {[%clk 00:52:55]} {[%emt 00:00:43]} Rxf2 {[%clk 00:24:25]} {[%emt
00:01:49]} 29. Kxf2 {[%clk 00:52:34]} {[%emt 00:00:51]} f6 {[%clk 00:24:39]}
{[%emt 00:00:17]} 30. Nd6 {[%clk 00:52:45]} {[%emt 00:00:18]} Nxc5 {[%clk
00:24:35]} {[%emt 00:00:35]} 31. Nf5 {[%clk 00:53:06]} {[%emt 00:00:09]} Kf8
{[%clk 00:22:42]} {[%emt 00:02:24]} 32. Nxh6 {[%clk 00:53:21]} {[%emt
00:00:15]} Nd3 {[%clk 00:20:32]} {[%emt 00:02:40]} 33. Kg3 {[%clk 00:52:58]}
{[%emt 00:00:50]} a5 {[%clk 00:19:57]} {[%emt 00:01:08]} 34. Nf5 {[%clk
00:52:49]} {[%emt 00:00:39]} Nc5 {[%clk 00:15:09]} {[%emt 00:05:18]} 35. Be2
{[%clk 00:51:32]} {[%emt 00:01:47]} Kg8 {[%clk 00:14:26]} {[%emt 00:01:12]} 36.
Bc4 {[%clk 00:51:16]} {[%emt 00:00:47]} Kh7 {[%clk 00:14:07]} {[%emt 00:00:48]}
37. Bf7 {[%clk 00:47:52]} {[%emt 00:03:54]} a4 {[%clk 00:07:31]} {[%emt
00:07:07]} 38. Bg6 {[%clk 00:47:32]} {[%emt 00:00:49]} Kh8 {[%clk 00:07:26]}
{[%emt 00:00:35]} 39. h6 {[%clk 00:47:35]} {[%emt 00:00:27]} Ne6 {[%clk
00:06:47]} {[%emt 00:01:10]} 40. Bf7 {[%clk 00:44:18]} {[%emt 00:03:45]} Nd8
{[%clk 00:05:38]} {[%emt 00:01:40]} 41. Ba2 {[%clk 00:44:34]} {[%emt 00:00:15]}
b5 {[%clk 00:05:45]} {[%emt 00:00:24]} 42. Nd6 {[%clk 00:42:12]} {[%emt
00:02:51]} Kh7 {[%clk 00:04:32]} {[%emt 00:01:43]} 43. Kg4 {[%clk 00:40:51]}
{[%emt 00:01:51]} b4 {[%clk 00:01:22]} {[%emt 00:03:40]} 44. Nc4 {[%clk
00:41:02]} {[%emt 00:00:18]} Kxh6 {[%clk 00:01:15]} {[%emt 00:00:38]} 45. Kf5
{[%clk 00:39:19]} {[%emt 00:02:13]} Kg7 {[%clk 00:30:05]} {[%emt 00:01:40]} 46.
Bb1 {[%clk 01:08:45]} {[%emt 00:01:04]} c5 {[%clk 00:27:14]} {[%emt 00:03:21]}
47. Nb6 {[%clk 01:08:35]} {[%emt 00:00:41]} a3 {[%clk 00:26:43]} {[%emt
00:01:01]} 48. Ba2 {[%clk 01:08:59]} {[%emt 00:00:06]} Nc6 {[%clk 00:26:46]}
{[%emt 00:00:28]} 49. Nc4 {[%clk 01:06:23]} {[%emt 00:03:05]} Nd4 {[%clk
00:25:59]} {[%emt 00:01:17]} 50. Kg4 {[%clk 01:06:48]} {[%emt 00:00:05]} b3
{[%clk 00:24:21]} {[%emt 00:02:08]} 51. Bxb3 {[%clk 01:07:09]} {[%emt
00:00:09]} Nxb3 {[%clk 00:24:46]} {[%emt 00:00:05]} 52. Nxa3 {[%clk 01:07:36]}
{[%emt 00:00:04]} Nd2 {[%clk 00:24:02]} {[%emt 00:01:14]} 53. Nc2 {[%clk
01:07:37]} {[%emt 00:00:29]} Kg6 {[%clk 00:22:59]} {[%emt 00:01:32]} 54. Ne1
{[%clk 01:06:32]} {[%emt 00:01:36]} c4 {[%clk 00:22:51]} {[%emt 00:00:38]} 55.
h4 {[%clk 01:06:00]} {[%emt 00:01:00]} gxh4 {[%clk 00:22:12]} {[%emt 00:01:10]}
56. Kxh4 {[%clk 01:06:23]} {[%emt 00:00:07]} c3 {[%clk 00:21:54]} {[%emt
00:00:47]} 57. Kg4 {[%clk 01:06:41]} {[%emt 00:00:11]} Nb3 {[%clk 00:21:57]}
{[%emt 00:00:28]} 58. f4 {[%clk 01:05:13]} {[%emt 00:01:58]} Nd4 {[%clk
00:20:36]} {[%emt 00:01:51]} 59. Nd3 {[%clk 01:04:01]} {[%emt 00:01:42]} exf4
{[%clk 00:19:09]} {[%emt 00:01:57]} 60. Kxf4 {[%clk 01:03:07]} {[%emt
00:01:23]} c2 {[%clk 00:16:38]} {[%emt 00:03:01]} 61. Nc1 {[%clk 01:01:52]}
{[%emt 00:01:44]} Ne6 {[%clk 00:12:49]} {[%emt 00:04:19]} 62. Kg4 {[%clk
01:02:08]} {[%emt 00:00:14]} Kf7 {[%clk 00:12:08]} {[%emt 00:01:12]} 63. e5
{[%clk 01:00:47]} {[%emt 00:01:51]} Kg6 {[%clk 00:10:35]} {[%emt 00:02:03]} 64.
exf6 {[%clk 01:01:07]} {[%emt 00:00:09]} 1/2-1/2

[Event "DVM U20w 2022"]
[Site "Münster GER"]
[Date "2022.12.28"]
[Round "3"]
[White "Schmidt, Inga"]
[Black "Voigt, Anastasia"]
[Result "0-1"]
[Termination "normal"]
[Board "2.2"]
[WhiteElo "1163"]
[BlackElo "1825"]
[WhiteClock "00:25:28"]
[BlackClock "01:06:23"]
[WhiteTeam "Schachclub Porta Westfalica 1950"]
[BlackTeam "USV Halle"]
[PlyCount "128"]
[WhiteFideId "16284526"]
[BlackFideId "16235223"]
[EventCountry "GER"]
[EventRounds "7"]
[EventType "team-swiss"]
[EventDate "2022.12.26"]

1. e4 {[%clk 01:30:57]} e5 {[%clk 01:30:58]} {[%emt 00:00:04]} 2. Nf3 {[%clk
01:31:17]} {[%emt 00:00:09]} Nc6 {[%clk 01:31:24]} {[%emt 00:00:04]} 3. Bc4
{[%clk 01:31:38]} {[%emt 00:00:10]} Bc5 {[%clk 01:31:25]} {[%emt 00:00:28]} 4.
c3 {[%clk 01:31:57]} {[%emt 00:00:11]} Nf6 {[%clk 01:31:32]} {[%emt 00:00:23]}
5. d4 {[%clk 01:32:12]} {[%emt 00:00:14]} exd4 {[%clk 01:31:55]} {[%emt
00:00:06]} 6. e5 {[%clk 01:32:32]} {[%emt 00:00:11]} d5 {[%clk 01:32:11]}
{[%emt 00:00:14]} 7. Bb5 {[%clk 01:32:53]} {[%emt 00:00:09]} Ne4 {[%clk
01:32:27]} {[%emt 00:00:14]} 8. cxd4 {[%clk 01:33:09]} {[%emt 00:00:14]} Bb6
{[%clk 01:32:44]} {[%emt 00:00:13]} 9. Nc3 {[%clk 01:33:23]} {[%emt 00:00:16]}
O-O {[%clk 01:31:09]} {[%emt 00:02:05]} 10. Be3 {[%clk 01:33:35]} {[%emt
00:00:19]} Bg4 {[%clk 01:31:27]} {[%emt 00:00:10]} 11. Bxc6 {[%clk 01:33:24]}
{[%emt 00:00:41]} bxc6 {[%clk 01:31:44]} {[%emt 00:00:13]} 12. h3 {[%clk
01:33:40]} {[%emt 00:00:15]} Bh5 {[%clk 01:32:08]} {[%emt 00:00:06]} 13. O-O
{[%clk 01:33:37]} {[%emt 00:00:32]} Nxc3 {[%clk 01:25:33]} {[%emt 00:07:05]}
14. bxc3 {[%clk 01:33:50]} {[%emt 00:00:17]} f6 {[%clk 01:24:38]} {[%emt
00:01:23]} 15. g4 {[%clk 01:28:24]} {[%emt 00:05:57]} Bg6 {[%clk 01:19:56]}
{[%emt 00:05:12]} 16. Nh4 {[%clk 01:10:56]} {[%emt 00:17:59]} Bf7 {[%clk
01:13:26]} {[%emt 00:07:00]} 17. Nf3 {[%clk 01:04:36]} {[%emt 00:06:50]} Be6
{[%clk 01:09:42]} {[%emt 00:04:13]} 18. Kg2 {[%clk 00:59:19]} {[%emt 00:05:48]}
fxe5 {[%clk 01:08:56]} {[%emt 00:01:15]} 19. Nxe5 {[%clk 00:55:28]} {[%emt
00:04:21]} Qd6 {[%clk 01:07:30]} {[%emt 00:01:55]} 20. f4 {[%clk 00:51:29]}
{[%emt 00:04:30]} c5 {[%clk 01:05:33]} {[%emt 00:02:27]} 21. Qa4 {[%clk
00:44:04]} {[%emt 00:07:55]} cxd4 {[%clk 01:03:59]} {[%emt 00:02:03]} 22. cxd4
{[%clk 00:42:48]} {[%emt 00:01:47]} a5 {[%clk 01:01:46]} {[%emt 00:02:41]} 23.
Qc6 {[%clk 00:39:55]} {[%emt 00:03:25]} Qxc6 {[%clk 01:00:02]} {[%emt
00:02:14]} 24. Nxc6 {[%clk 00:39:33]} {[%emt 00:00:52]} Bd7 {[%clk 00:58:57]}
{[%emt 00:01:35]} 25. Ne5 {[%clk 00:36:48]} {[%emt 00:03:15]} Ba4 {[%clk
00:56:03]} {[%emt 00:03:24]} 26. f5 {[%clk 00:31:08]} {[%emt 00:06:10]} Rfe8
{[%clk 00:53:51]} {[%emt 00:02:41]} 27. Kf3 {[%clk 00:26:24]} {[%emt 00:05:16]}
Rab8 {[%clk 00:46:14]} {[%emt 00:08:06]} 28. Rab1 {[%clk 00:22:17]} {[%emt
00:04:37]} Ba7 {[%clk 00:38:52]} {[%emt 00:07:50]} 29. h4 {[%clk 00:18:54]}
{[%emt 00:03:56]} Rb4 {[%clk 00:36:30]} {[%emt 00:02:51]} 30. Rxb4 {[%clk
00:14:57]} {[%emt 00:04:28]} axb4 {[%clk 00:36:53]} {[%emt 00:00:07]} 31. Rb1
{[%clk 00:14:38]} {[%emt 00:00:46]} c5 {[%clk 00:33:49]} {[%emt 00:03:37]} 32.
dxc5 {[%clk 00:07:10]} {[%emt 00:07:58]} Rxe5 {[%clk 00:33:23]} {[%emt
00:00:55]} 33. Rxb4 {[%clk 00:07:19]} {[%emt 00:00:21]} Bd1 {[%clk 00:31:04]}
{[%emt 00:02:49]} 34. Kf2 {[%clk 00:07:21]} {[%emt 00:00:28]} Rxe3 {[%clk
00:30:13]} {[%emt 00:01:22]} 35. Kxe3 {[%clk 00:05:42]} {[%emt 00:02:09]} Bxc5
{[%clk 00:30:36]} {[%emt 00:00:06]} 36. Kd2 {[%clk 00:06:04]} {[%emt 00:00:09]}
Bxb4 {[%clk 00:30:48]} {[%emt 00:00:18]} 37. Kxd1 {[%clk 00:06:06]} {[%emt
00:00:28]} Kf7 {[%clk 00:29:36]} {[%emt 00:01:41]} 38. Kc2 {[%clk 00:05:56]}
{[%emt 00:00:40]} Kf6 {[%clk 00:29:45]} {[%emt 00:00:20]} 39. Kd3 {[%clk
00:05:24]} {[%emt 00:01:02]} Ke5 {[%clk 00:29:24]} {[%emt 00:00:51]} 40. a4
{[%clk 00:03:58]} {[%emt 00:01:56]} Bc5 {[%clk 00:29:26]} {[%emt 00:00:28]} 41.
a5 {[%clk 00:03:49]} {[%emt 00:00:40]} d4 {[%clk 00:29:41]} {[%emt 00:00:14]}
42. a6 {[%clk 00:03:26]} {[%emt 00:00:53]} Ba7 {[%clk 00:30:05]} {[%emt
00:00:07]} 43. h5 {[%clk 00:02:48]} {[%emt 00:01:08]} h6 {[%clk 00:30:05]}
{[%emt 00:00:29]} 44. f6 {[%clk 00:29:07]} {[%emt 00:04:11]} Kxf6 {[%clk
01:00:28]} {[%emt 00:00:06]} 45. Ke4 {[%clk 00:28:31]} {[%emt 00:01:07]} Kg5
{[%clk 01:00:49]} {[%emt 00:00:09]} 46. Kd3 {[%clk 00:28:37]} {[%emt 00:00:24]}
Kxg4 {[%clk 01:01:11]} {[%emt 00:00:08]} 47. Ke4 {[%clk 00:28:58]} {[%emt
00:00:08]} Kxh5 {[%clk 01:01:33]} {[%emt 00:00:08]} 48. Kd3 {[%clk 00:29:01]}
{[%emt 00:00:28]} g5 {[%clk 01:01:57]} {[%emt 00:00:06]} 49. Ke4 {[%clk
00:29:14]} {[%emt 00:00:17]} g4 {[%clk 01:02:22]} {[%emt 00:00:05]} 50. Kd3
{[%clk 00:29:12]} {[%emt 00:00:31]} g3 {[%clk 01:02:47]} {[%emt 00:00:05]} 51.
Ke2 {[%clk 00:28:15]} {[%emt 00:01:28]} g2 {[%clk 01:03:11]} {[%emt 00:00:06]}
52. Kf2 {[%clk 00:28:24]} {[%emt 00:00:22]} d3 {[%clk 01:03:37]} {[%emt
00:00:03]} 53. Kxg2 {[%clk 00:27:59]} {[%emt 00:00:55]} d2 {[%clk 01:04:03]}
{[%emt 00:00:04]} 54. Kf3 {[%clk 00:25:08]} {[%emt 00:03:21]} d1=Q {[%clk
01:04:23]} {[%emt 00:00:10]} 55. Ke4 {[%clk 00:25:29]} {[%emt 00:00:09]} Qd4
{[%clk 01:04:45]} {[%emt 00:00:07]} 56. Kf5 {[%clk 00:25:41]} {[%emt 00:00:19]}
Qd5 {[%clk 01:04:56]} {[%emt 00:00:18]} 57. Kf4 {[%clk 00:25:51]} {[%emt
00:00:20]} Bb8 {[%clk 01:05:17]} {[%emt 00:00:09]} 58. Ke3 {[%clk 00:25:55]}
{[%emt 00:00:27]} Kg4 {[%clk 01:05:29]} {[%emt 00:00:17]} 59. a7 {[%clk
00:26:03]} {[%emt 00:00:22]} Bxa7 {[%clk 01:05:49]} {[%emt 00:00:11]} 60. Ke2
{[%clk 00:26:13]} {[%emt 00:00:19]} Qf3 {[%clk 01:06:09]} {[%emt 00:00:10]} 61.
Kd2 {[%clk 00:25:53]} {[%emt 00:00:51]} Qb3 {[%clk 01:05:50]} {[%emt 00:00:47]}
62. Ke2 {[%clk 00:25:12]} {[%emt 00:01:13]} Be3 {[%clk 01:06:09]} {[%emt
00:00:10]} 63. Kf1 {[%clk 00:25:14]} {[%emt 00:00:28]} Qd1 {[%clk 01:06:23]}
{[%emt 00:00:15]} 64. Kg2 {[%clk 00:25:28]} {[%emt 00:00:17]} Qg1# {[%emt
00:00:04]} 0-1

[Event "DVM U20w 2022"]
[Site "Münster GER"]
[Date "2022.12.28"]
[Round "3"]
[White "Dieckmann, Phibie"]
[Black "Derling, Charlotte"]
[Result "0-1"]
[Termination "normal"]
[Board "2.4"]
[WhiteElo "1020"]
[BlackElo "1627"]
[WhiteClock "00:21:05"]
[BlackClock "00:12:55"]
[WhiteTeam "Schachclub Porta Westfalica 1950"]
[BlackTeam "USV Halle"]
[PlyCount "102"]
[WhiteFideId "34607161"]
[BlackFideId "16222237"]
[EventCountry "GER"]
[EventRounds "7"]
[EventType "team-swiss"]
[EventDate "2022.12.26"]

1. e4 {[%clk 01:30:58]} {[%emt 00:00:01]} c5 {[%clk 01:30:51]} {[%emt
00:00:09]} 2. Nf3 {[%clk 01:31:19]} {[%emt 00:00:10]} d6 {[%clk 01:31:10]}
{[%emt 00:00:10]} 3. c3 {[%clk 01:28:40]} {[%emt 00:03:09]} Nf6 {[%clk
01:27:34]} {[%emt 00:04:06]} 4. e5 {[%clk 01:25:41]} {[%emt 00:03:31]} dxe5
{[%clk 01:18:19]} {[%emt 00:09:44]} 5. Nxe5 {[%clk 01:23:51]} {[%emt 00:02:20]}
a6 {[%clk 01:16:10]} {[%emt 00:02:39]} 6. d4 {[%clk 01:21:54]} {[%emt
00:02:28]} cxd4 {[%clk 01:09:21]} {[%emt 00:07:18]} 7. cxd4 {[%clk 01:18:49]}
{[%emt 00:03:35]} Nbd7 {[%clk 01:05:22]} {[%emt 00:04:28]} 8. Nxd7 {[%clk
01:08:28]} {[%emt 00:10:52]} Bxd7 {[%clk 01:05:12]} {[%emt 00:00:39]} 9. g3
{[%clk 01:06:48]} {[%emt 00:02:10]} Bc6 {[%clk 01:03:22]} {[%emt 00:02:19]} 10.
Rg1 {[%clk 01:02:06]} {[%emt 00:05:14]} g6 {[%clk 01:00:56]} {[%emt 00:02:56]}
11. Bg2 {[%clk 00:59:27]} {[%emt 00:03:09]} Bxg2 {[%clk 00:58:16]} {[%emt
00:03:10]} 12. Rxg2 {[%clk 00:57:59]} {[%emt 00:01:58]} Bg7 {[%clk 00:54:34]}
{[%emt 00:04:11]} 13. Bf4 {[%clk 00:57:20]} {[%emt 00:01:09]} Qd5 {[%clk
00:50:56]} {[%emt 00:04:07]} 14. Rg1 {[%clk 00:53:49]} {[%emt 00:04:03]} Ne4
{[%clk 00:43:51]} {[%emt 00:07:34]} 15. Nc3 {[%clk 00:49:49]} {[%emt 00:04:29]}
Nxc3 {[%clk 00:42:28]} {[%emt 00:01:54]} 16. bxc3 {[%clk 00:49:22]} {[%emt
00:00:58]} O-O {[%clk 00:42:02]} {[%emt 00:00:54]} 17. Qd2 {[%clk 00:45:44]}
{[%emt 00:04:08]} Rfe8 {[%clk 00:40:39]} {[%emt 00:01:54]} 18. a4 {[%clk
00:41:18]} {[%emt 00:04:57]} Rac8 {[%clk 00:36:55]} {[%emt 00:04:12]} 19. Rc1
{[%clk 00:38:46]} {[%emt 00:03:04]} Qc4 {[%clk 00:35:35]} {[%emt 00:01:48]} 20.
Qc2 {[%clk 00:36:53]} {[%emt 00:02:24]} e5 {[%clk 00:32:50]} {[%emt 00:03:14]}
21. dxe5 {[%clk 00:30:36]} {[%emt 00:06:49]} Bxe5 {[%clk 00:32:37]} {[%emt
00:00:43]} 22. Be3 {[%clk 00:29:24]} {[%emt 00:01:41]} Bxc3 {[%clk 00:28:37]}
{[%emt 00:04:29]} 23. Qxc3 {[%clk 00:29:30]} {[%emt 00:00:25]} Qxc3 {[%clk
00:28:45]} {[%emt 00:00:23]} 24. Rxc3 {[%clk 00:29:42]} {[%emt 00:00:18]} Rxc3
{[%clk 00:29:10]} {[%emt 00:00:05]} 25. Kd2 {[%clk 00:29:37]} {[%emt 00:00:35]}
Ra3 {[%clk 00:28:31]} {[%emt 00:01:08]} 26. h4 {[%clk 00:28:33]} {[%emt
00:01:35]} Rxa4 {[%clk 00:28:01]} {[%emt 00:01:00]} 27. g4 {[%clk 00:27:55]}
{[%emt 00:01:08]} b5 {[%clk 00:24:52]} {[%emt 00:03:37]} 28. h5 {[%clk
00:27:16]} {[%emt 00:01:10]} a5 {[%clk 00:23:45]} {[%emt 00:01:37]} 29. hxg6
{[%clk 00:26:08]} {[%emt 00:01:39]} hxg6 {[%clk 00:23:56]} {[%emt 00:00:18]}
30. Rh1 {[%clk 00:25:14]} {[%emt 00:01:24]} Rxg4 {[%clk 00:22:31]} {[%emt
00:01:54]} 31. f3 {[%clk 00:23:23]} {[%emt 00:02:22]} Rc4 {[%clk 00:17:56]}
{[%emt 00:05:05]} 32. Bg5 {[%clk 00:23:25]} {[%emt 00:00:28]} Re6 {[%clk
00:15:58]} {[%emt 00:02:28]} 33. f4 {[%clk 00:22:23]} {[%emt 00:01:34]} f6
{[%clk 00:13:28]} {[%emt 00:02:59]} 34. Bh6 {[%clk 00:22:10]} {[%emt 00:00:44]}
Rd6 {[%clk 00:12:33]} {[%emt 00:01:24]} 35. Ke2 {[%clk 00:22:24]} {[%emt
00:00:16]} Rd5 {[%clk 00:12:10]} {[%emt 00:00:53]} 36. Rg1 {[%clk 00:22:14]}
{[%emt 00:00:40]} Kf7 {[%clk 00:11:49]} {[%emt 00:00:50]} 37. Kf3 {[%clk
00:20:46]} {[%emt 00:01:58]} Rh5 {[%clk 00:11:29]} {[%emt 00:00:50]} 38. f5
{[%clk 00:19:38]} {[%emt 00:01:39]} Rxh6 {[%clk 00:11:34]} {[%emt 00:00:24]}
39. fxg6 {[%clk 00:19:49]} {[%emt 00:00:18]} Rxg6 {[%clk 00:11:59]} {[%emt
00:00:06]} 40. Rb1 {[%clk 00:18:51]} {[%emt 00:01:28]} b4 {[%clk 00:12:13]}
{[%emt 00:00:16]} 41. Ra1 {[%clk 00:19:15]} {[%emt 00:00:06]} Rg5 {[%clk
00:12:29]} {[%emt 00:00:13]} 42. Ke3 {[%clk 00:19:32]} {[%emt 00:00:14]} b3
{[%clk 00:11:59]} {[%emt 00:00:59]} 43. Rb1 {[%clk 00:19:43]} {[%emt 00:00:19]}
a4 {[%clk 00:12:10]} {[%emt 00:00:20]} 44. Kd3 {[%clk 00:20:00]} {[%emt
00:00:13]} Rgc5 {[%clk 00:12:08]} {[%emt 00:00:31]} 45. Ke3 {[%clk 00:19:45]}
{[%emt 00:00:45]} Rc3 {[%clk 00:12:19]} {[%emt 00:00:19]} 46. Kd4 {[%clk
00:20:02]} {[%emt 00:00:13]} a3 {[%clk 00:12:05]} {[%emt 00:00:44]} 47. Ke4
{[%clk 00:20:27]} {[%emt 00:00:06]} a2 {[%clk 00:12:12]} {[%emt 00:00:23]} 48.
Rxb3 {[%clk 00:20:41]} {[%emt 00:00:16]} Rxb3 {[%clk 00:12:30]} {[%emt
00:00:11]} 49. Kd4 {[%clk 00:21:06]} {[%emt 00:00:06]} Rcb5 {[%clk 00:12:55]}
{[%emt 00:00:05]} 50. Ke4 {[%clk 00:21:05]} {[%emt 00:00:32]} a1=Q {[%emt
00:00:20]} 51. Kf4 {[%emt 00:00:13]} Qd4# {[%emt 00:00:08]} 0-1